000 00913nam a2200253 a 4500
001 BRCA_4486
005 20190320204705.0
008 111209s1962----mx-#######---#000-0#spa-#
041 _aspa
044 _amx
050 4 _aF1233.M3
_b.H36 1962
100 1 _aHans, Alberto
_911365
245 1 0 _aQuerétaro
_bMemorias de un Oficial del Emperador Maximiliano
_cAlberto Hans ; traducidas del francés por Lorenzo Elízaga.
260 _aMéxico
_bJus
_c1962
300 _a207 p.
_c24 cm.
440 0 _aMéxico heroico
_911366
500 _aLa biblioteca cuenta con la edición en francés, ver B180
500 _aEstado físico: encuadernado, febrero 2014
600 1 4 _aMaximiliano
_cEmperador de México
_d1832-1867
_94582
651 4 _aQueretaro
_y1962
_zMéxico
_911367
651 4 _aMéxico
_vHistoria
_yIntervención francesa, 1861-1867
_911368
700 1 _aElízaga, Lorenzo
_eTraductor
_911369
942 _2lcc
_cB
999 _c4192
_d4192